| 000 | 003700000a22000970004500 | ||
|---|---|---|---|
| 100 | 1 | _aNeira, Armando | |
| 245 | 1 | 0 | _aLa guerra y la paz : Flor del monte (Sucre) y Ciénega (Magdalena), dos ardientes lugares con seres que les apostaron a caminos opuestoa : La vida y la muerte |
| 300 | _aVol. 45, Num. 45 (Abril, 1994), Páginas 20-25 | ||
| 773 | 0 | _tCambio 16 | |
| 942 | _cANA | ||
| 999 |
_c58427 _d58427 |
||